000
00259nam a22001097a 4500
008
170124b xxu||||| |||| 00| 0 eng d
020
_a
9781256410096
041
_a
eng
080
_a
618.2
245
_a
MEDICAL ASSISTING WORKBOOK
_c
FRAZIER, M.S
942
_2
udc
_c
BK
999
_c
3456
_d
3456